Online Catalogue and eLibrary

Untouchable (Record no. 3343)

MARC details
000 -LEADER
fixed length control field 00332nam a2200145Ia 4500
005 - DATE AND TIME OF LATEST TRANSACTION
control field 20241024021839.0
008 - FIXED-LENGTH DATA ELEMENTS--GENERAL INFORMATION
fixed length control field 240331s9999 xx 000 0 und d
082 ## - DDC Classification
Item Number - Author Mark AND
Class No. 823
100 ## - MAIN ENTRY--PERSONAL NAME
Personal name Anand, M.R
245 #0 - TITLE STATEMENT
Title Untouchable
260 ## - PUBLICATION, DISTRIBUTION, ETC.
Place of publication, distribution, etc. New Delhi
Name of publisher, distributor, etc. Arnold Publishers
Date of publication, distribution, etc. 1935
300 ## - PHYSICAL DESCRIPTION
Extent (e.g. Volumes, Pages etc.) 182 p.,
650 ## - SUBJECT ADDED ENTRY--TOPICAL TERM
Topical term or geographic name entry element Stories
942 ## - Koha item type (Biblio)
Koha item type Books in Stacks (Lending)
Holdings
Lost status Damaged status Collection code Home library Current library Shelving location Date acquired Full call number Accession Number Item type
    Lending WERC Library WERC Library Social Science Cupboard 03/31/2024 823 AND 553 Books in Stacks (Lending)

© WERC Library